<?xml version="1.0" encoding="UTF-8"?>
<collection xmlns="http://www.loc.gov/MARC21/slim">
    <record>
        <controlfield tag="001">76080</controlfield>
        <controlfield tag="005">20190110111045.0</controlfield>
        <datafield tag="024" ind1="8" ind2=" ">
            <subfield code="2">sideral</subfield>
            <subfield code="a">109282</subfield>
        </datafield>
        <datafield tag="037" ind1=" " ind2=" ">
            <subfield code="a">ART-2018-109282</subfield>
        </datafield>
        <datafield tag="041" ind1=" " ind2=" ">
            <subfield code="a">spa</subfield>
        </datafield>
        <datafield tag="100" ind1=" " ind2=" ">
            <subfield code="0">(orcid)0000-0002-2355-7245</subfield>
            <subfield code="a">Canales Lacruz, María Inmaculada</subfield>
            <subfield code="u">Universidad de Zaragoza</subfield>
        </datafield>
        <datafield tag="245" ind1=" " ind2=" ">
            <subfield code="a">Miedo al contacto en balonmano percibido por los jugadores de un equipo de categoría alevín</subfield>
        </datafield>
        <datafield tag="260" ind1=" " ind2=" ">
            <subfield code="c">2018</subfield>
        </datafield>
        <datafield tag="506" ind1="0" ind2=" ">
            <subfield code="a">Access copy available to the general public</subfield>
            <subfield code="f">Unrestricted</subfield>
        </datafield>
        <datafield tag="520" ind1="3" ind2=" ">
            <subfield code="a">Este artículo examina el miedo al contacto percibido por los jugadores de un equipo de alevín de balonmano. Se realizó un análisis de contenido de los diarios de los entrenamientos y de los partidos de 14 niños/as de nueve y diez años, jugadores de balonmano de un equipo alevín de Zaragoza (España). El tratamiento de la información se realizó con el software Nvivo 10. Los resultados indican que los tres tipos de contactos analizados en este estudio, interpersonal (agarres y empujones), pelota-cuerpo (portería y blocajes) y cuerpo-suelo (caídas y derribos) generan miedo a los jugadores analizados. Más concretamente, el contacto interpersonal es citado con temor en las situaciones de ataque. El miedo al contacto con pelota aparece cuando se ocupa el rol de portero y en los blocajes. Y el miedo al contacto con el suelo es citado en situaciones de ataque. Esta presencia del miedo al contacto debe de ser contemplada en los procesos de aprendizaje, y de ahí, que se recomienda la elaboración de programas de intervención que gradúen el nivel de impacto de las tareas en la iniciación al balonmano.</subfield>
        </datafield>
        <datafield tag="540" ind1=" " ind2=" ">
            <subfield code="9">info:eu-repo/semantics/openAccess</subfield>
            <subfield code="a">All rights reserved</subfield>
            <subfield code="u">http://www.europeana.eu/rights/rr-f/</subfield>
        </datafield>
        <datafield tag="655" ind1=" " ind2="4">
            <subfield code="a">info:eu-repo/semantics/article</subfield>
            <subfield code="v">info:eu-repo/semantics/publishedVersion</subfield>
        </datafield>
        <datafield tag="700" ind1=" " ind2=" ">
            <subfield code="a">Cásedas-Gérez, Ana</subfield>
        </datafield>
        <datafield tag="710" ind1="2" ind2=" ">
            <subfield code="1">3001</subfield>
            <subfield code="2">187</subfield>
            <subfield code="a">Universidad de Zaragoza</subfield>
            <subfield code="b">Dpto. Expres.Music.Plást.Corp.</subfield>
            <subfield code="c">Área Didáctica Expres.Corporal</subfield>
        </datafield>
        <datafield tag="773" ind1=" " ind2=" ">
            <subfield code="g">17, 2 (2018), [10 pp.]</subfield>
            <subfield code="p">Kronos (Villaviciosa de Odón)</subfield>
            <subfield code="t">Kronos (Villaviciosa de Odón)</subfield>
            <subfield code="x">1579-5225</subfield>
        </datafield>
        <datafield tag="856" ind1="4" ind2="1">
            <subfield code="u">http://revistakronos.info/articulo/miedo-al-contacto-en-balonmano-percibido-por-los-jugadores-de-un-equipo-de-categoria-alevin-2476-sa-c5c1124cbb84f8</subfield>
            <subfield code="z">Texto completo de la revista</subfield>
        </datafield>
        <datafield tag="856" ind1="4" ind2=" ">
            <subfield code="s">292683</subfield>
            <subfield code="u">http://zaguan.unizar.es/record/76080/files/texto_completo.pdf</subfield>
            <subfield code="y">Versión publicada</subfield>
        </datafield>
        <datafield tag="856" ind1="4" ind2=" ">
            <subfield code="s">14827</subfield>
            <subfield code="u">http://zaguan.unizar.es/record/76080/files/texto_completo.jpg?subformat=icon</subfield>
            <subfield code="x">icon</subfield>
            <subfield code="y">Versión publicada</subfield>
        </datafield>
        <datafield tag="909" ind1="C" ind2="O">
            <subfield code="o">oai:zaguan.unizar.es:76080</subfield>
            <subfield code="p">articulos</subfield>
            <subfield code="p">driver</subfield>
        </datafield>
        <datafield tag="951" ind1=" " ind2=" ">
            <subfield code="a">2019-01-10-10:39:23</subfield>
        </datafield>
        <datafield tag="980" ind1=" " ind2=" ">
            <subfield code="a">ARTICLE</subfield>
        </datafield>
    </record>

    
</collection>